Statistics for New Zealand All Blacks Rugby 20 or more penalty goals in tests

Click here to take the quiz!

General Stats

  • This quiz has been taken 128 times
    (56 since last reset)
  • The average score is 9 of 13

Answer Stats

Penalty GoalsPlayer% Correct
128Grant Fox
100%
281Daniel Carter
98%
188Andrew Mehrtens
96%
55Beauden Barrett
96%
56Aaron Cruden
94%
41Carlos Spencer
91%
38Don Clarke
68%
43Allan Hewson
58%
20Tony Brown
51%
21Stephen Donald
40%
24Fergie McCormick
30%
22Luke McAlister
26%
23Kieran Crowley
21%

Score Distribution

Percentile by Number Answered

Percent of People with Each Score

Your Score History

You have not taken this quiz since the last reset